000 00834nam a2200241 a 4500
001 48482
003 BD-RjUL
005 20211209054530.0
008 160814r19451942enka b 001 0 eng c
035 _a(BD-RjUL)48601
040 _aHarvard University Library
_cABAU
_dABAU
_dBD-RjUL
_beng
041 _aeng
082 _223
_a364.36
_bWAC 1945
100 1 0 _aWatson, John A. F.
_9146590
245 1 4 _aThe child and the magistrate /
_cby John A. F. Watson. With an introduction by the Lord Chief Justice of England, the Rt. Hon. the Viscount Caldecote.
260 _aLondon :
_bJ. Cape,
_c1942 [impression 1945]
300 _a207 p. :
_bill. ;
_c21 cm.
500 _aInclude index
650 0 _aJuvenile delinquency.
_9146591
650 0 _aJuvenile courts
_zGreat Britain.
_9146592
942 _2ddc
_cBK
999 _c48482
_d48482